| 000 | 00442nam a22001817a 4500 | ||
|---|---|---|---|
| 003 | MPLRDC | ||
| 005 | 20220104124153.0 | ||
| 008 | 210129b ||||| |||| 00| 0 eng d | ||
| 082 | _a848.1 YDF-15 c.2 | ||
| 100 | _a郁达夫著 | ||
| 245 |
_a春风沉醉的晚上 _c |
||
| 250 | _a初版 | ||
| 260 |
_a _b雅苑出版社 _c1983 |
||
| 300 | _b平 | ||
| 490 | _a文学名著丛书 | ||
| 650 | _a现代别集 | ||
| 942 |
_cBK _o848.1 YDF-15 c.2 |
||
| 999 |
_c17196 _d17186 |
||